000 00402nam a2200145Ia 4500
008 220217s9999||||xx |||||||||||||| ||und||
020 _a9788131727249
082 _a621.395
100 _aTocci, Ronald J and others
245 0 _aDigital systems
250 _a10th
260 _aPearson education of asia
_bNew Delhi
_c2013
300 _aXIX, 848p.
_b685
650 _aDIGITAL DESIGN/LOGIC DESIGN
999 _c183635
_d183635